Oxford prepare course for the TOEIC test

Uloženo v:
Podrobná bibliografie
Médium: Kniha
Jazyk:Undetermined
Vydáno: Oxford, UK Oxford University Press 2000
Témata:
Tagy: Přidat tag
Žádné tagy, Buďte první, kdo otaguje tento záznam!
Thư viện lưu trữ: Trung tâm Học liệu Trường Đại học Cần Thơ
LEADER 00512nam a2200181Ia 4500
001 CTU_57397
008 210402s9999 xx 000 0 und d
020 |c 144000 
082 |a 428.0076 
082 |b O.98 
245 0 |a Oxford prepare course for the TOEIC test 
260 |a Oxford, UK 
260 |b Oxford University Press 
260 |c 2000 
650 |a Test of English for International Communication 
650 |x Study guides 
904 |i Minh 
980 |a Trung tâm Học liệu Trường Đại học Cần Thơ